Ninho - Filon (Paroles) - Statistiques

Statistiques générales
  • Ce quiz a été pris 211 fois
  • Le résultat moyen est 348 sur 476
Statistiques - réponses
Couplets Paroles % Correct
à
99%
a
99%
c'
98%
Refrain : C'
98%
Couplet 1 ; | Intro : J'
98%
j'
98%
l'
98%
m'
98%
t'
98%
t
98%
le
97%
Le
97%
"Le
97%
ai
96%
p'
96%
d'
95%
la
95%
La
95%
95%
s'
95%
ça
93%
car
93%
Car
93%
G
93%
mon
93%
pas
93%
les
92%
Les
92%
carte
91%
tout
91%
cartel
90%
comme
90%
Comme
90%
on
90%
On
90%
par
90%
suis
90%
Pablo
89%
passe
88%
dans
87%
de
87%
ma
87%
te
87%
classe
86%
et
86%
Et
86%
trop
86%
monté
85%
zipette
85%
Avenue
83%
mal
82%
airs
81%
garer
81%
Montaigne
81%
vie
81%
Fendi
80%
merde
80%
champagne
79%
chez
79%
vis
79%
aussi
78%
es
78%
ta
78%
Dolce
77%
gloire
77%
meilleure
76%
sert
75%
attendais
74%
Dom
74%
en
74%
n'
74%
un
74%
est
73%
Est
73%
faire
73%
but
72%
dis
72%
fais
71%
confettis
70%
il
68%
Il
68%
chaque
66%
corner
66%
mais
66%
plus
66%
Plus
66%
as
65%
concrétise
65%
ou
65%
point
65%
stade
65%
Une
65%
une
65%
Y
65%
y
65%
des
64%
être
64%
fait
64%
lucarne
64%
mains
64%
musique
64%
que
64%
tête
64%
crier
63%
filon
63%
gardien
63%
occas
63%
saute
63%
tomber
63%
tous
63%
bon
62%
dit
62%
million
62%
Pérignon
62%
peau
61%
Rançon
61%
ces
60%
sale
60%
déjà
59%
bandit
58%
bateau
58%
boitant
58%
deux"
58%
devenu
58%
étais
58%
gars
58%
leur
58%
mouche
58%
permis
58%
rempli
58%
vers
58%
ancien
57%
dommage
57%
expert
57%
Illicite
57%
suceurs
57%
béton
56%
biz
56%
dégaine
56%
game
56%
j'ai
56%
pilon
56%
rien
56%
bâtiment
55%
bitch
55%
bleu
55%
ciel
55%
Dieu
55%
du
55%
hall
55%
abeilles
54%
délabré
54%
manger
54%
miel
54%
milliard
54%
nous
54%
pardonner
54%
PSG
54%
repart
54%
toujours
54%
vise
54%
voudra
54%
arrache
53%
auras
53%
conseil
53%
Ici
53%
nuit
53%
prod
53%
roule
53%
tard
53%
avec
52%
avoir
52%
dernier
52%
donc
52%
mauvais
52%
porte
52%
sous
52%
très
52%
vendu
52%
voulais
52%
Audi
51%
baise
51%
black
51%
butin
51%
poisse
51%
Toi
51%
affaires
50%
charbonner
50%
cœur
50%
fallait
50%
fallu
50%
impliquer
50%
jeune
50%
sincère
50%
situations
50%
sommeil
50%
sur
50%
veut
50%
clientèle
49%
compliquées
49%
grammes
49%
Quelques
49%
monnaie
48%
premières
48%
sueur
48%
buteur
47%
fidèle
47%
frappe
47%
goûter
47%
plein
47%
rendre
47%
répliquer
47%
sans
47%
abonnés
46%
époque
46%
rapporte
46%
autour
45%
ensuite
45%
quitte
44%
tout-par
44%
côté
43%
ressors
43%
bloc
42%
juste
42%
Leurs
42%
nostalgie
42%
faudrait
41%
snitch
41%
binks
40%
pousserais
40%
armer
38%
oint-j
37%
tampon
36%
tain-p
31%
be-her
30%
quétouzes
30%
Aucun quiz correspondant
Distribution des résultats
% des personnes avec chaque résultat
Percentile par nombre de réponses
Votre historique - résultats
Vous n’avez pas pris ce quiz